000 00558cam a22001577a 4500
008 180718b1997 xxu||||| |||| 00| 0 eng d
082 _aAPPPA 96-97 NAT
100 _aNath, Surendra
245 _aLabour policy and economic reforms, India, 1991-96: a study in the context of industrial restructuring
_cby Surendra Nath
260 _aNew Delhi
_bIndian Institute of Public Administration
_c1997
300 _a116p.
650 _aAPPPA
650 _aResearch, Industrial
650 _aLabour policy - India
650 _aIndia - Economic conditions, 1991-1996
999 _c482103
_d482103